000 00839nam a2200241 a 4500
001 1466
003 BR-CuiBMT
005 20231217151508.0
008 231211s1999 dfba ||| 000 0 por d
020 _a8572020098
040 _aBR-CuiBMT
_cBR-CuiBMT
080 _a336.1
_x(062)
_22007
090 _a336.1(062)
_bS471s
111 1 _aSeminário Internacional sobre Finanças Públicas
_d(1996 :
_cBrasília, DF)
245 1 0 _aSeminário Internacional sobre Finanças Públicas /
_cSecretaria do Tesouro Nacional.
260 _aBrasília :
_bSecretaria do Tesouro Nacional,
_c1999.
300 _a556 p. :
_bil. ;
_c26 cm
500 _aTextos em português, espanhol e inglês.
504 _aInclui bibliografia.
650 _aFinanças públicas
_xCongressos
_zBrasil
710 1 _aBrasil
_bSecretaria do Tesouro Nacional
942 _2udc
_cLV
999 _c1466
_d1466